000 00391nam a22001337a 4500
020 _qPB.
040 _cFIZZA ISHAQ
082 _a501
100 _aWILBER,KEN.
_9133843
245 _aTHE HOLOGRAPHIC PARADIGM AND OTHER PARADOXES EXPLORING THE LEADING EDGE OF SCIENCE /
_cKEN WILBER.
260 _aNEW YORK ;
_bNEW SCIENCE LIBRARY,
_c1982.
300 _a301 P. ;
_c9.1X6.1IN
942 _2ddc
_cBK
999 _c616822
_d616822